000 00186nam a22000857a 4500
082 _a823
100 _aPAI, ANAND
245 _aTHE QUEEN'S NECKLACE
_bA COLLECTION OF JATAKA TALES
942 _cBK
999 _c8349
_d8349